000 01511nam a22002057a 4500
999 _c59961
_d59961
003 Ge_BSU
005 20230524121614.0
008 230524s1979 ge ||||| |||| 00| 0 geo d
041 _ageo
080 _a737(479.22) დ-91
100 _aდუნდუა, გ.
_91400
245 _aსაქართველოს სამონეტო განძები :
_bრომაული ხანის მონეტები სოფ. ეკიდან და სეფიეთიდან /
_cგ. დუნდუა; რედ. ი. ჯალაღონია; საქართველოს არქეოლოგიური ცენტრი. ივ. ჯავახიშვილის სახ. ისტორიის, არქეოლოგიისა და ეთნოგრაფიის ინ-ტი.
264 _aთბილისი :
_bმეცნიერება,
_c1979.
300 _a182 გვ. :
_b19 ფ. ილ. ;
_c26 სმ.
520 _aრეზ. რუს.
653 _aრომაული მონეტები საქართველოში.
700 _aჯალარონია, ი.
_eრედაქტორი
_918197
710 _aსაქართველოს არქეოლოგიური ცენტრი.
_bივ. ჯავახიშვილის სახ. ისტორიის, არქეოლოგიისა და ეთნოგრაფიის ინ-ტი.
_918198
942 _2udc
_cBK